Тесты по английскому языку. Орфография, лексика, граматика. (Запис № 284538)

МАРК-запис
000 -LEADER
fixed length control field 00743nam a22001697a 4500
020 ## - INTERNATIONAL STANDARD BOOK NUMBER
International Standard Book Number 9785783601385
041 ## - LANGUAGE CODE
Language code of text/sound track or separate title eng
080 ## - UNIVERSAL DECIMAL CLASSIFICATION NUMBER
Universal Decimal Classification number 82
090 ## - LOCALLY ASSIGNED LC-TYPE CALL NUMBER (OCLC); LOCAL CALL NUMBER (OCLC)
Local cutter number (OCLC) ; Book number/undivided call number, CALL (RLIN) КОШ
100 ## - MAIN ENTRY--PERSONAL NAME
Personal name Кошмарова Ирина
245 ## - TITLE STATEMENT
Title Тесты по английскому языку. Орфография, лексика, граматика.
260 ## - PUBLICATION, DISTRIBUTION, ETC. (IMPRINT)
Place of publication, distribution, etc Москва
Name of publisher, distributor, etc Айрис
Date of publication, distribution, etc 1999
300 ## - PHYSICAL DESCRIPTION
Extent 252
520 ## - SUMMARY, ETC.
Summary, etc Сборник содержит тесты четырех уровнейсложности, предназначенные для проверки орфографии, грамматики, лексики и словоупотребления.
-- тести, англыйська мова
650 ## - SUBJECT ADDED ENTRY--TOPICAL TERM
Topical term or geographic name as entry element Language Studies
942 ## - ADDED ENTRY ELEMENTS (KOHA)
Koha item type Книги
Фонди
Withdrawn status Lost status Source of classification or shelving scheme Damaged status Not for loan Home library Current library Date acquired Source of acquisition Cost, normal purchase price Total Checkouts Full call number Barcode Date last seen Price effective from Koha item type
    Universal Decimal Classification     ВІЛ - Відділ іноземн. літератури НБ ВІЛ - Відділ іноземн. літератури НБ 22/11/2011 Акт №02/11 10.00   82 214515 29/11/2021 22/11/2011 Книги